000 00558nam a2200181Ia 4500
008 240729s9999 xx 000 0 und d
022 _a2233-6273
245 0 _aNeurointervention
260 _aKorea, Republic of
260 _bKorean Society of Interventional Neuroradiology
650 _a Internal medicine
650 _a Medicine (General) | Medicine
650 _a Neurosciences. Biological psychiatry. Neuropsychiatry
650 _aMedicine
856 _uhttps://doaj.org/toc/5b5e1bfdd63a49d2b82326d81bd7b3b2
942 _2ddc
942 _cDOAJEJ
999 _c67107
_d67107
945 _a1
_bMadushi Gamage
_c1
_dMadushi Gamage